000 00689nam a22001937a 4500
999 _c61720
_d61720
005 20240422112924.0
008 240422s2004 enk||||| |||| 00| 0 eng d
020 _a9780443072895x
041 _aeng
080 _a616.21 T-42
245 _aTextbook of Adult Emergency Medicine /
_cEdited P. Cameron, G. Jelinek, A.-M. Kelly,
250 _aSecond edition
264 _aEdinburgh :
_bChurchill Livingstone,
_c2004.
300 _a934 p.:
_bill.;
_c28 cm.
700 _aCameron, P.
_eრედაქტორი
_921898
700 _aJelinek, G.
_eრედაქტორიi
_921899
700 _aKelly, A.-M. and other
_eრედაქტორი
_921900
942 _2udc
_cᲬᲘᲒᲜᲘ